MARC

LEADER 00000nam0a2200000 4500
001 371707
005 20231102012415.0
035 |a (RuTPU)RU\TPU\retro\29117 
090 |a 371707 
100 |a 20221108d1979 k y0rusy50 ca 
101 0 |a rus 
102 |a RU 
105 |a y z 100zy 
200 1 |a Четвертая Всесоюзная научно-техническая конференция по ультразвуковым методам интенсификации технологических процессов  |e тезисы докладов, 30 января - 1 февраля 1979 г., Москва  |h Ч. 1  |f Московский государственный институт стали и сплавов 
210 |a Москва  |c [Б. и.]  |d 1979 
215 |a 115 с. 
606 1 |a Металлообработка ультразвуковая  |2 stltpush  |3 (RuTPU)RU\TPU\subj\42516  |9 62180 
610 1 |a ультразвуковая технология 
610 1 |a физические основы 
610 1 |a гидрометаллургические процессы 
610 1 |a интенсификация 
610 1 |a руды 
610 1 |a обогащение 
610 1 |a ультразвуковая очистка 
610 1 |a металлы 
610 1 |a травление 
610 1 |a ультразвуковое диспергирование 
610 1 |a кавитационно-абразивное разрушение 
610 1 |a конференции 
675 |a 621.7.048.6(063)  |v 4 
712 0 2 |a Московский государственный институт стали и сплавов  |c (1962-2008)  |2 stltpush  |3 (RuTPU)RU\TPU\col\180  |9 23256 
712 1 2 |a Ультразвуковые методы интенсификации технологических процессов  |d 4  |e Москва  |f 1979 
801 1 |a RU  |b 63413507  |c 20221108 
801 2 |a RU  |b 63413507  |c 20221123  |g RCR 
942 |c BK